عرض عادي
عرض مارك
- بوخريسة، بوبكر،
دخول Personal Name
001 - CONTROL NUMBER
- control field: 15086
003 - CONTROL NUMBER IDENTIFIER
- control field: AE-AdECS
005 - DATE AND TIME OF LATEST TRANSACTION
- control field: 20250428103557.0
008 - FIXED-LENGTH DATA ELEMENTS
- fixed length control field: 250428|| aca||aabn | a|a d
040 ## - CATALOGING SOURCE
- Original cataloging agency: AE-AdECS
- Transcribing agency: AE-AdECS
100 ## - HEADING--PERSONAL NAME
- Personal name: بوخريسة، بوبكر،
670 ## - SOURCE DATA FOUND
- Source citation: Work cat.: (AE-AdECS)290381: بوخريسة، بوبكر، مؤلف., الدين و الدولة و الديمقراطية من زاوية أركونية /
